Statistics for 50 Random Flags

Click here to take the quiz!

General Stats

  • This quiz has been taken 96 times
  • The average score is 40 of 50

Answer Stats

Answer% Correct
Sweden
95%
China
94%
Finland
94%
Japan
94%
Norway
93%
New Zealand
91%
United Kingdom
91%
United States
91%
Brazil
90%
Qatar
90%
Russia
90%
Ukraine
90%
Canada
89%
Argentina
88%
Greece
88%
Turkey
88%
Chile
87%
Iran
87%
Pakistan
87%
Niger
85%
South Korea
85%
Columbia
84%
Nigeria
84%
Poland
84%
Denmark
83%
Romania
82%
Afghanistan
80%
North Korea
80%
Uruguay
80%
Peru
79%
Egypt
78%
Iceland
77%
Kosovo
77%
Luxembourg
77%
Sri Lanka
76%
Iraq
74%
Philippines
74%
Indonesia
72%
Uzbekistan
71%
Chad
70%
Oman
67%
Austria
66%
Liberia
66%
Paraguay
65%
Saint Lucia
65%
Liechtenstein
59%
Guatemala
57%
Saint Vincent
57%
Tajikistan
56%
El Salvador
55%

Score Distribution

Percentile by Number Answered

Percent of People with Each Score

Your Score History

You have not taken this quiz